Every Pro Wrestling Weekly Show - Statistics

General Stats
  • This quiz has been taken 163 times
    137 since last reset
  • The average score is 20 of 49
Answer Stats
Answer % Correct
A.M. Raw
100%
Monday Night Raw
100%
Smackdown
99%
Dynamite
90%
Monday Nitro
86%
NXT
85%
Heat
81%
Impact
79%
Main Event
79%
Main Event
79%
Rampage
71%
Superstars
71%
Superstars of Wrestling
71%
Dark: Elevation
69%
ECW on TNN
69%
Dark
68%
ECW
65%
Saturday Night
57%
Thunder
57%
Velocity
54%
Power
47%
205 Live
46%
NXT UK
42%
Ring of Honor Wrestling
42%
Shotgun Saturday Night
38%
Jakked
28%
Metal
28%
Saturday Morning Slam
28%
Xplosion
28%
Hardcore TV
24%
Fusion
17%
Worldwide
11%
Afterburn
10%
Livewire
10%
Prime
10%
Pro
10%
Wrestling Challenge
10%
Super Astros
7%
Bottom Line
6%
Championship Wrestling
4%
Experience
4%
Underground
4%
Backstage
3%
Confidential
3%
Power Hour
3%
Reaction
3%
Vintage
3%
All-Star Wrestling
1%
Excess
1%
No matching quizzes found
Score Distribution
Percent of People with Each Score
Percentile by Number Answered
Your Score History
You have not taken this quiz since the last reset